European Cities by Picture - Statistics

General Stats
  • This quiz has been taken 131 times
  • The average score is 9 of 10
Answer Stats
Picture Answer % Correct
Paris
99%
Athens
98%
Barcelona
95%
Berlin
95%
Istanbul
95%
Rome
95%
London
94%
Edinburgh
80%
Lisbon
65%
Budapest
63%
No matching quizzes found
Score Distribution
Percent of People with Each Score
Percentile by Number Answered
Your Score History
You have not taken this quiz